Futbol / (Record no. 27588)
[ view plain ]
| 000 -LEADER | |
|---|---|
| fixed length control field | 00557nam a22002057a 4500 |
| 001 - CONTROL NUMBER | |
| control field | sjds |
| 003 - CONTROL NUMBER IDENTIFIER | |
| control field | sjds |
| 005 - DATE AND TIME OF LATEST TRANSACTION | |
| control field | 20221221194544.0 |
| 008 - FIXED-LENGTH DATA ELEMENTS--GENERAL INFORMATION | |
| fixed length control field | 221221b ck ||||| |||| 00| 0 spa d |
| 020 ## - INTERNATIONAL STANDARD BOOK NUMBER | |
| International Standard Book Number | 9789583001390 |
| 020 ## - INTERNATIONAL STANDARD BOOK NUMBER | |
| International Standard Book Number | 9583001392 |
| 040 ## - CATALOGING SOURCE | |
| Transcribing agency | sjds |
| 041 ## - LANGUAGE CODE | |
| Language code of text/sound track or separate title | spa |
| 100 ## - MAIN ENTRY--PERSONAL NAME | |
| Personal name | Perea Rosero, Tucídides |
| 245 ## - TITLE STATEMENT | |
| Title | Futbol / |
| Statement of responsibility, etc. | Tucídides Perea Rosero |
| 260 ## - PUBLICATION, DISTRIBUTION, ETC. (IMPRINT) | |
| Place of publication, distribution, etc. | Bogota, Colombia : |
| Name of publisher, distributor, etc. | Panamericana Editorial, |
| Date of publication, distribution, etc. | c1995. |
| 300 ## - PHYSICAL DESCRIPTION | |
| Extent | x, 204 pages : |
| Other physical details | illustrations ; |
| Dimensions | 16 cm |
| 440 ## - SERIES STATEMENT/ADDED ENTRY--TITLE | |
| Title | Reglamentos deportivos ilustrados |
| 942 ## - ADDED ENTRY ELEMENTS (KOHA) | |
| Koha item type | Libro/Book |
| Withdrawn status | Lost status | Damaged status | Not for loan | Home library | Current library | Date acquired | Total Checkouts | Full call number | Barcode | Date last seen | Date checked out | Price effective from | Koha item type | Inventory number |
|---|---|---|---|---|---|---|---|---|---|---|---|---|---|---|
| San Juan Del Sur -- Mobile | Las delicias | 21/12/2022 | 1 | JAA | 33016948 | 22/08/2024 | 10/10/2023 | 21/12/2022 | Libro/Book | |||||
| San Juan Del Sur -- Mobile | San Juan Del Sur -- Mobile | 09/02/2023 | JAA | 30029812 | 09/02/2023 | 09/02/2023 | Libro/Book | Inventory date: 1-2-25 | ||||||
| San Juan Del Sur -- Mobile | San Juan Del Sur -- Mobile | 09/02/2023 | JAA | 30029813 | 09/02/2023 | 09/02/2023 | Libro/Book | Inventory date: 1-2-25 |